| 000 | 00970nam a22002651u 4500 | ||
|---|---|---|---|
| 001 | 12652 | ||
| 003 | HDC | ||
| 007 | cr bn --- | ||
| 008 | 210209p2002 my eng | ||
| 040 | _aHDC | ||
| 100 |
_aChong, Swee Teck, _eauthor _912732 |
||
| 245 | 0 |
_aLeaf and stem anatomical differences between sweet cherry rootstocks of varying vigour / _cby Chong Swee Teck and Preston K. Andrews |
|
| 260 |
_aSerdang : _bMalaysian Agricultural Research and Development Institute (MARDI), _c2002 |
||
| 300 | _a1 page | ||
| 336 |
_atext _2rdacontent |
||
| 337 |
_acomputer _2rdamedia |
||
| 338 |
_aonline resource _2rdacarrier |
||
| 650 |
_aLeaf anatomy _913429 |
||
| 650 |
_aStem anatomy _913430 |
||
| 650 |
_aSweet cherry _912735 |
||
| 856 | _zRequest full-text at [email protected] | ||
| 942 | _2lcc | ||
| 942 | _cAR | ||
| 942 | _kJART 003192 | ||
| 999 |
_c9975 _d9975 |
||